ბათუმის შოთა რუსთაველის სახელმწიფო უნივერსიტეტის ბიბლიოთეკა

The Foreign Policy of the European Union / (ბიბ.ჩანაწერი № 57851)

000 -LEADER
fixed length control field 00787nam a22002177a 4500
005 - DATE AND TIME OF LATEST TRANSACTION
control field 20210317144428.0
008 - FIXED-LENGTH DATA ELEMENTS--GENERAL INFORMATION
fixed length control field 210317b2014 us ||||| |||| 00| 0 eng d
080 ## - UNIVERSAL DECIMAL CLASSIFICATION NUMBER
Universal Decimal Classification number 327 K-40
100 ## - MAIN ENTRY--PERSONAL NAME
Personal name Keukeleire, Stephan.
9 (RLIN) 10507
245 ## - TITLE STATEMENT
Title The Foreign Policy of the European Union /
Statement of responsibility, etc. Stephan Keukeleire, Tom Delreux.
250 ## - EDITION STATEMENT
Edition statement Second edition.
264 ## - PRODUCTION, PUBLICATION, DISTRIBUTION, MANUFACTURE, AND COPYRIGHT NOTICE
Place of production, publication, distribution, manufacture London :
Name of producer, publisher, distributor, manufacturer Palgrave Macmillan,
Date of production, publication, distribution, manufacture, or copyright notice 2014.
300 ## - PHYSICAL DESCRIPTION
Extent 390 p. ;
Dimensions 24 cm.
500 ## - GENERAL NOTE
General note Bibl. : p.334-367
500 ## - GENERAL NOTE
General note Index. : p.369-390
653 ## - INDEX TERM--UNCONTROLLED
keyword The Foreign Policy of the European Union
653 ## - INDEX TERM--UNCONTROLLED
keyword ევროკავშირის საგარეო პოლიტიკა
653 ## - INDEX TERM--UNCONTROLLED
keyword Внешняя политика Европейского Союза
700 ## - ADDED ENTRY--PERSONAL NAME
Personal name Delreux, Tom
9 (RLIN) 10508
942 ## - ADDED ENTRY ELEMENTS (KOHA)
Source of classification or shelving scheme
Koha item type წიგნი
ეგზემპლარები
Withdrawn status Lost status Source of classification or shelving scheme Damaged status Not for loan Permanent Location Current Location Shelving location Date acquired Cost, normal purchase price Full call number Barcode Date last seen Copy number Price effective from Koha item type Public note
          ბათუმის შოთა რუსთაველის სახელმწიფო უნივერსიტეტის მთავარი ბიბლიოთეკა ბათუმის შოთა რუსთაველის სახელმწიფო უნივერსიტეტის მთავარი ბიბლიოთეკა წიგნსაცავი 2021-03-17 111.00 327 K-40 54054 2021-03-17 54054 2021-03-17 წიგნი 111 GEL.
          ბათუმის შოთა რუსთაველის სახელმწიფო უნივერსიტეტის მთავარი ბიბლიოთეკა ბათუმის შოთა რუსთაველის სახელმწიფო უნივერსიტეტის მთავარი ბიბლიოთეკა წიგნსაცავი 2021-04-07 111.00 327 K-40 54146 2021-04-07 54146 2021-04-07 წიგნი 111.00 GEL.